Seoul Metropolitan Subway Line 3 Stations - Statistics

General Stats
  • This quiz has been taken 74 times
    49 since last reset
  • The average score is 27 of 44
Answer Stats
Station
Number
Station Name Transfer % Correct
337 Sinsa Sinbundang Line (DX Line)
88%
339 Express Bus Terminal Line 7Line 9
84%
336 Apgujeong
81%
329 Jongno 3(sam)-ga Line 1Line 5
81%
340 Seoul Nat'l Univ. of Education(Court & Prosecutors' Office) Line 2
81%
309 Daehwa
78%
331 Chungmuro Line 4
75%
330 Euljiro 3(sam)-ga(Shinhan Card) Line 2
75%
349 Suseo Suin-Bundang LineGTX-A
75%
328 Anguk(Hyundai E & C)
72%
327 Gyeongbokgung(Government Complex-Seoul)
72%
335 Oksu Gyeongui-Jungang Line
72%
345 Daechi
69%
314 Daegok Gyeongui-Jungang LineSeohae Line
69%
320 Gupabal(Eunpyeong St. Mary's Hospital)
69%
341 Nambu Bus Terminal(Seoul Arts Center)
66%
333 Yaksu Line 6
66%
332 Dongguk Univ.
63%
326 Dongnimmun
63%
352 Ogeum Line 5
63%
321 Yeonsinnae Line 6
63%
344 Dogok Suin-Bundang Line
59%
315 Hwajeong
59%
338 Jamwon
59%
311 Jeongbalsan
59%
312 Madu
56%
342 Yangjae(Seocho-gu Office) Sinbundang Line (DX Line)
56%
322 Bulgwang Line 6
53%
319 Jichuk
53%
334 Geumho
50%
324 Hongje
50%
310 Juyeop
50%
318 Samsong
50%
316 Wondang
50%
348 Irwon
47%
325 Muakjae
47%
313 Baekseok
44%
350 Garak Market Line 8
44%
343 Maebong
44%
351 National Police Hospital
44%
323 Nokbeon
44%
346 Hangnyeoul
41%
317 Wonheung
41%
347 Daecheong(SH Corporation)
34%
No matching quizzes found
Score Distribution
Percent of People with Each Score
Percentile by Number Answered
Your Score History
You have not taken this quiz since the last reset